| 000 | 00373nam a22001337a 4500 | ||
|---|---|---|---|
| 008 | 160613b xxu||||| |||| 00| 0 eng d | ||
| 020 | _a9780803615687 | ||
| 020 | _a080361568 | ||
| 020 | _a9780803615687 | ||
| 041 | _aeng | ||
| 080 | _a618.2 | ||
| 245 |
_aEssentials of nursing leadership and management: _cDiane K.Whitehed;Sally A. Weiss; Ruth M. Tappen; |
||
| 942 |
_2udc _cBK |
||
| 999 |
_c2452 _d2452 |
||